Audit a zmena noriem radu ISO

Bola vydaná nová norma EN ISO 9001:2000, v SR prijatá do STN v roku 2001 ako STN EN ISO 9001:2001, ktorá nahrádza v súčasnom období ešte platné normy STN ISO 9001:1996, STN EN ISO 9002:1997 a STN EN ISO 9003:1997. Prechodné obdobie je do 15. decembra 2003. Podstata novej normy STN EN ISO 9001:2001....

Full description

Saved in:
Bibliographic Details
Format: Book Chapter
Language:Slovak
Subjects:
Tags: Add Tag
No Tags, Be the first to tag this record!

MARC

LEADER 00000naa$a2200000$$$4500
001 0002256
005 20230925124103.1
041 0 |a slo 
044 |a SK 
245 1 0 |a Audit a zmena noriem radu ISO 
520 |a Bola vydaná nová norma EN ISO 9001:2000, v SR prijatá do STN v roku 2001 ako STN EN ISO 9001:2001, ktorá nahrádza v súčasnom období ešte platné normy STN ISO 9001:1996, STN EN ISO 9002:1997 a STN EN ISO 9003:1997. Prechodné obdobie je do 15. decembra 2003. Podstata novej normy STN EN ISO 9001:2001. Chápanie systému manažérstva kvality prostredníctvom procesného prístupu. 
610 2 0 |a normalizácia zariadení 
610 2 0 |a normy ISO 
610 2 0 |a riadenie procesné 
610 2 0 |a riadenie kvality 
610 2 0 |a audítori 
610 2 0 |a audit